Normal view
MARC view
Entry Personal Name
001 - CONTROL NUMBER
- control field: 29476
003 - CONTROL NUMBER IDENTIFIER
- control field: dpl
005 - DATE AND TIME OF LATEST TRANSACTION
- control field: 20110712103334.0
008 - FIXED-LENGTH DATA ELEMENTS
- fixed length control field: 110712|||a|||||| | ||| d
040 ## - CATALOGING SOURCE
- Original cataloging agency: dpl
- Transcribing agency: dpl
100 ## - HEADING--PERSONAL NAME
- Personal name: मोरवाल, भगवानदास
670 ## - SOURCE DATA FOUND
- Source citation: Work cat.: (dpl)48493: मोरवाल, भगवानदास, लक्ष्मण-रेखा /, 2010
670 ## - SOURCE DATA FOUND
- Source citation: Work cat.: (dpl)48493: मोरवाल, भगवानदास, लक्ष्मण-रेखा /, 2010
